000 01188cam a2200313 4500
008 090401t1998 xxu||||| |||| 00| 0 eng d
020 _a085406866X
035 _a(Sirsi) u84413
041 _aeng
050 _a333.33
110 _aRoyal Institution of Chartered Surveyors
_94900
245 _aRICS manual of estate agency law and practice
260 _aLondon
_bRICS
_c1998
300 _a1
_fv. (loose-leaf)
_c30cm.
350 _a60
490 _aRICS Guidance Note
490 _aRICS Blue Book
520 _aSupersedes "Draft manual of residential estate agency law and practice" (M85264) and "Putting the Estate Agents Act 1979 and the Property Misdescriptions Act 1991 into practice: guidance for estate agents" (ISBN 085406575X).
520 _aSuperseded by second edition (ISBN 1842191543).
650 _aAuctioneering
_96218
650 _aRICS MANUAL OF ESTATE AGENCY LAW AND PRACTICE
650 _aESTATE AGENCY
650 _aESTATE AGENTS ACT 1979
650 _aOMBUDSMAN FOR ESTATE AGENTS SCHEME
650 _aPROPERTY MISDESCRIPTIONS ACT 1991
690 _aMANAGEMENT-BUSINESS MANAGEMENT-PROFESSIONAL PRACTICE
942 _n0
_2ddc
948 _c23/02/1998
999 _c96940
_d96940